| 000 | 00469nam a2200193Ia 4500 | ||
|---|---|---|---|
| 005 | 20240823042742.0 | ||
| 008 | 240823s9999||||xx |||||||||||||| ||und|| | ||
| 020 | _a978-81-90791-2-4 | ||
| 041 | _aENGLISH | ||
| 082 | _A621 Q3 | ||
| 100 | _aSivapragash M et al. | ||
| 245 | 0 | _aBasic Civil and Mechanical Engineering | |
| 250 | _a3rd | ||
| 260 |
_c2013 _bI T Publica |
||
| 500 | _aTRANSFERED | ||
| 650 |
_aCivil and Mech _bCivil |
||
| 942 | _cBK | ||
| 999 |
_c208602 _d208602 |
||